000 01619nam0a2200337 4500
001 RU\NLR\bibl\1812740
005 20260405184453.0
010 _a978-5-699-51140-2
_95000
021 _aRU
_b2011-67898
_9451д/11
035 _a(NLR Aleph) 001803337
090 _a1797407
_c1797407
100 _a20110926d2011 |||y0rusy50 ca
101 0 _arus
102 _aRU
105 _aabch|||||||||
200 1 _aРоссийские генералиссимусы и генерал-фельдмаршалы
_eиллюстрированное издание
_fД.Н. Бантыш-Каменский
_g[авт.-сост. прил. и примеч. Людмила Подзолкова
_eбиогр. очерк (Сталин И.В.) Александра Воронянского]
210 _aМосква
_cЭксмо
_d2011
215 _a605 с., [12] л. ил., цв. ил., портр.
_cил., факс., портр., карт.
_d27
225 1 _aРоссийская императорская библиотека
320 _aБиблиогр. в примеч.: с. 571-602
606 1 _aГенералиссимусы
_yРоссия
_92245504
_3RU\NLR\auth\661347170
606 1 _aГенерал-фельдмаршалы Русской Армии
_92287383
_3RU\NLR\auth\661370079
686 _aЦ4,8(2)243д
686 _aТ3(2)0-8
700 1 _4070
_8rus
_7ca
_aБантыш-Каменский
_bД. Н.
_f1788-1850
_gДмитрий Николаевич
_3RU\NLR\auth\7780932
_963860
801 0 _aRU
_bNLR
_c20110926
_gRCR
801 1 _aRU
_bNLR
_c20110926
942 _cBOOK
980 _aNB
980 _aNBR